UM Logo

Reviewer for licensure examination for psychometrician / (Record no. 17278)

MARC details
000 -LEADER
fixed length control field 00924nam a2200217 4500
005 - DATE AND TIME OF LATEST TRANSACTION
control field 20260330090804.0
008 - FIXED-LENGTH DATA ELEMENTS--GENERAL INFORMATION
fixed length control field 220914b ||||| |||| 00| 0 eng d
020 ## - INTERNATIONAL STANDARD BOOK NUMBER
International Standard Book Number 9786214063079
082 ## - DEWEY DECIMAL CLASSIFICATION NUMBER
Edition number
Classification number DFil 150 Al524 2021
Item number
100 ## - MAIN ENTRY--PERSONAL NAME
Personal name Allanigue, Ma. Allene P.
9 (RLIN) 45963
245 ## - TITLE STATEMENT
Title Reviewer for licensure examination for psychometrician /
Statement of responsibility, etc. Ma. Allene P. Allanigue, Hazel Veronica S. Malazarte and Cleto L. Dometita Jr.,; Ryan B. Corona and Nhorly U. Domenden, consultants.
260 ## - PUBLICATION, DISTRIBUTION, ETC. (IMPRINT)
Place of publication, distribution, etc. Manila :
Name of publisher, distributor, etc. Mindshapers Co., Inc.,
Date of publication, distribution, etc. ©2021.
300 ## - PHYSICAL DESCRIPTION
Extent x, 254 pages ;
Dimensions 25 cm.
650 ## - SUBJECT ADDED ENTRY--TOPICAL TERM
Topical term or geographic name as entry element Psychology
General subdivision Examinations.
9 (RLIN) 45964
650 ## - SUBJECT ADDED ENTRY--TOPICAL TERM
Topical term or geographic name as entry element Examinations
General subdivision Study guides.
9 (RLIN) 45965
700 ## - ADDED ENTRY--PERSONAL NAME
Personal name Malazarte, Hazel Veronica S.
Relator term author.
9 (RLIN) 45966
700 ## - ADDED ENTRY--PERSONAL NAME
Personal name Dometita, Cleto L. Jr.,
Relator term author.
9 (RLIN) 45967
700 ## - ADDED ENTRY--PERSONAL NAME
Personal name Corona, Ryan B.
Relator term consultant.
9 (RLIN) 17432
700 ## - ADDED ENTRY--PERSONAL NAME
Personal name Domenden, Nhorly U.
Relator term consultant.
9 (RLIN) 45968
942 ## - ADDED ENTRY ELEMENTS (KOHA)
Source of classification or shelving scheme Dewey Decimal Classification
Koha item type Filipiniana
Holdings
Withdrawn status Lost status Source of classification or shelving scheme Damaged status Not for loan Collection code Home library Current library Date acquired Source of acquisition Cost, normal purchase price Total Checkouts Full call number Barcode Date last seen Copy number Price effective from Koha item type
    Dewey Decimal Classification     Filipiniana UM Digos College - LIC UM Digos College - LIC 08/16/2022 Purchased 493.00   DFil 150 Al524 2021 27078 05/15/2025 1 09/14/2022 Filipiniana
    Dewey Decimal Classification     Filipiniana UM Digos College - LIC UM Digos College - LIC 08/16/2022 Purchased 493.00   DFil 150 Al524 2021 27079 05/15/2025 2 09/14/2022 Filipiniana